000 00578nam a2200169Ia 4500
008 090711s9999 xx 000 0 und d
082 _b55448
100 _aमहाजन सुशिला
245 _aदीपज्योतिर्नमोस्तुते
260 _c1986
300 _a230
600 _aमहाजन सुशिला
630 _aदीपज्योतिर्नमोस्तुते
700 _aमहाजन सुशिला
730 _aदीपज्योतिर्नमोस्तुते
942 _cBOOK
999 _c318959
_d318959